Polar atmosphere symposium (Record no. 30328)
[ view plain ]
| 000 -LEADER | |
|---|---|
| fixed length control field | 00530nam a22001697a 4500 |
| 008 - FIXED-LENGTH DATA ELEMENTS--GENERAL INFORMATION | |
| fixed length control field | 230515b |||||||| |||| 00| 0 eng d |
| 040 ## - CATALOGING SOURCE | |
| Original cataloging agency | National Science Library |
| Transcribing agency | National Science Library |
| 080 ## - UNIVERSAL DECIMAL CLASSIFICATION NUMBER | |
| Universal Decimal Classification number | 551.5(082.2)(98/99) |
| Item number | J7.1-.2 |
| 245 ## - TITLE STATEMENT | |
| Title | Polar atmosphere symposium |
| 260 ## - PUBLICATION, DISTRIBUTION, ETC. | |
| Place of publication, distribution, etc. | London: |
| Name of publisher, distributor, etc. | Pergamon Press, |
| Date of publication, distribution, etc. | 1958 |
| 300 ## - PHYSICAL DESCRIPTION | |
| Extent | 341p. |
| 500 ## - GENERAL NOTE | |
| General note | Part 1 (Meteorology section) <br/>Part 2 (Ionospheric section) |
| 650 ## - SUBJECT ADDED ENTRY--TOPICAL TERM | |
| Topical term or geographic name entry element | Atmosphere |
| 653 ## - INDEX TERM--UNCONTROLLED | |
| Uncontrolled term | Geography |
| 700 1# - ADDED ENTRY--PERSONAL NAME | |
| Personal name | Sutcliffe, R C (Ed.) |
| 942 ## - ADDED ENTRY ELEMENTS (KOHA) | |
| Source of classification or shelving scheme | Universal Decimal Classification |
| Koha item type | Books |
| Withdrawn status | Lost status | Source of classification or shelving scheme | Damaged status | Not for loan | Home library | Current library | Shelving location | Date acquired | Serial Enumeration / chronology | Total Checkouts | Full call number | Barcode | Date last seen | Price effective from | Koha item type |
|---|---|---|---|---|---|---|---|---|---|---|---|---|---|---|---|
| Universal Decimal Classification | National Science Library | National Science Library | GF/Rk-9/C-24/R-2 | 15/05/2023 | Part 1, 1958 | 551.5(082.2)(98/99) J7.1-.2 | 21638 | 15/05/2023 | 15/05/2023 | Books | |||||
| Universal Decimal Classification | National Science Library | National Science Library | GF/Rk-9/C-24/R-2 | 15/05/2023 | Part 2, 1958 | 551.5(082.2)(98/99) J7.1-.2 | 21441 | 15/05/2023 | 15/05/2023 | Books |